00973cam a22002774a 450000100090000000300050000900500170001400800410003101000170007202000280008902000350011704000180015204200080017004300120017805000210019008200230021110000440023424500740027826000610035230000390041350000080045250400660046065000430052665000480056985600780061713392630NUST20171117110559.0031103s2004 enkab b 001 0 eng  a 2003023959 a1844070204 (alk. paper) a1844070190 (pbk. : alk. paper) aDLCcDLCdDLC apcc ad------00aTD627b.M37 200400a628.309172 MAR2221 aMara, D. Duncanq(David Duncan),d1944-10aDomestic wastewater treatment in developing countries /cDuncan Mara. aLondon ;aSterling, VA :bEarthscan Publications,c2004. axvi, 293 p. :bill., map ;c25 cm. aP.B aIncludes bibliographical references (p. [262]-288) and index. 0aSewage disposalzDeveloping countries. 0aSewagexPurificationzDeveloping countries.413Table of contentsuhttp://www.loc.gov/catdir/toc/ecip0410/2003023959.html